| 000 | 03274cam a2200601Ia 4500 | ||
|---|---|---|---|
| 001 | 1638962 | ||
| 005 | 20241220132339.0 | ||
| 008 | 110614s2012 nyu 000 1 eng d | ||
| 020 |
_a9780525425762 : _c$16.99 |
||
| 020 | _a0525425764 | ||
| 035 | _a(OCoLC)ocn731911837 | ||
| 035 | _a1523076 | ||
| 040 |
_aBTCTA _beng _cBTCTA _dBDX _dWIQ _dCXP _erda |
||
| 092 | _aF | ||
| 100 | 1 |
_aGrisham, John. _96401977 |
|
| 245 | 1 | 0 |
_aTheodore Boone : _bthe accused / _cJohn Grisham. |
| 246 | 3 | 0 | _aAccused |
| 260 |
_aNew York : _bDutton Childrens Books _cc2012. |
||
| 264 |
_aNew York : _bDutton Childrens Books, _cc2012. |
||
| 300 |
_a271, 6 p. ; _c22 cm. |
||
| 336 | _atext | ||
| 337 | _aunmediated | ||
| 338 | _avolume | ||
| 500 | _aIncludes an excerpt from: Theodore Boone, kid lawyer. | ||
| 520 | _aBig trouble is brewing for Theodore Boone. While all of Strattenburg anxiously awaits the new trial of infamous murder suspect Pete Duffy, problems arise for their own kid lawyer. There's been a robbery and Theo is the accused. His reputation is on the line, and with the evidence building against him and dangerous threats looming, Theo will do whatever it takes to prove his innocence even if it means breaking a few rules. | ||
| 650 | 0 |
_aBoone, Theodore (Fictitious character) _vFiction. _96401978 |
|
| 650 | 0 |
_aRobbery _vFiction. _95748787 |
|
| 650 | 0 |
_aMalicious accusation _vFiction. _95686594 |
|
| 650 | 0 |
_aDetective and mystery stories. _96401979 |
|
| 650 | 0 |
_aLegal stories. _96401980 |
|
| 650 | 0 |
_aCourts _vFiction. _95738612 |
|
| 942 |
_2ddc _cBOOK |
||
| 948 |
_aBHI _bCHILDREN'S _pX104567029 _kJ _hF _f1 _r2 _g1 _70 _u3 _w11 _s0 _oBHI _0$16.99 _y99 _jDewey Decimal _nOn-Order _e331626-1 _9Item generated Jun 20 2012 7:53AM |
||
| 948 |
_aBPW _bCHILDREN'S _pX106727922 _hF _f1 _r2 _g1 _70 _u3 _w11 _s0 _oBPW _0$16.99 _y99 _jDewey Decimal _nOn-Order _e405063-1 _9Item generated Jan 18 2013 9:21AM |
||
| 948 |
_aBRF _bCHILDREN'S _pX106819302 _kJ _hF _f1 _r2 _g1 _70 _u3 _w11 _s0 _oBRF _0$16.99 _y99 _jDewey Decimal _nOn-Order _e410721-1 _9Item generated Feb 6 2013 8:19AM |
||
| 999 |
_c84312 _d84312 |
||
| 999 | _bF | ||